Catholic University of Zimbabwe Library
Online Public Access Catalogue
(OPAC)

Design (Record no. 11136)

MARC details
000 -LEADER
fixed length control field 00538 a2200145 4500
020 ## - INTERNATIONAL STANDARD BOOK NUMBER
International Standard Book Number 0812097726
005 - DATE AND TIME OF LATEST TRANSACTION
control field 20191017174100.0
084 ## - OTHER CLASSIFICATION NUMBER
Classification number NK1510 .H435 1996
245 ## - TITLE STATEMENT
Title Design
Medium print
250 ## - EDITION STATEMENT
Edition statement 1st ed. for the U.S. and Canada.
260 ## - PUBLICATION, DISTRIBUTION, ETC.
Place of publication, distribution, etc. nyu
Name of publisher, distributor, etc. Barron's
Date of publication, distribution, etc. 1996
300 ## - PHYSICAL DESCRIPTION
Extent 192 p. : ill. (some col.)
Other physical details 20 cm.
Dimensions 192 p. : ill. (some col.) ; 20 cm.
490 ## - SERIES STATEMENT
Series statement Crash course series
500 ## - GENERAL NOTE
General note Thomas Hauffe ; [American text version by Editorial Office, Sulzer-Reichel ; translated by Sally Schreiber ; edited by Bessie Blum].
700 ## - ADDED ENTRY--PERSONAL NAME
Personal name Hauffe, Thomas.

No items available.

OPENING HOURS

Weekdays: 0815hrs - 1800hrs
Weekends:0900hrs - 1200hrs

Closed for Mass:

Mon, Thur: 1200hrs - 1300hrs
Sunday & Public Holiday’s

CALL SUPPORT

0242-570570, 0242-570169
09200664, +263 8644140602

LOCATION

18443, Cranborne Avenue, Hatfield, Harare

Other Links


©2021 | CUZ Library